000 01374cam a2200421 4500
001 22832
003 SK-KTurca
005 20260429102246.0
008 200302s2019 xo g 000 f slo d
015 _aSNBA2020/01
020 _a9788081641961
_q(viazané)
035 _aa000658540
040 _aTTKJF
_bslo
_cTTKJF
_dUKB
_erda
041 1 _aslo
_heng
044 _axo
_cSK
072 7 _a821.111-3
_xAnglická próza, anglicky písaná
_2konspekt
072 7 _a821.111(73)-3
_xAmerická próza
_2konspekt
080 _a821.111(540)-31
_22011
080 _a821.111(73)-31
_22011
080 _a(0:82-31)-055.2
_22011
100 1 _aBadani, Sejal
_4aut
240 1 4 _aThe storyteller's secret.
_lSlovensky
245 1 0 _aMatkino tajomstvo
_cSejal Badani ; preložila Martina Šturcelová
250 _aVydanie prvé
264 1 _a[Bratislava]
_bMotýľ
_c2019
300 _a382 strán
_c21 cm
336 _atext
_btxt
_2rdacontent
337 _abez média
_bn
_2rdamedia
338 _azväzok
_bnc
_2rdacarrier
500 _aPreložené z angličtiny
655 7 _aindické romány (anglicky)
_2UKBPH
655 7 _aanglicky písané romány
_2UKBPH
655 7 _aamerické romány
_2UKBPH
655 7 _aromány pre ženy
_2UKBPH
700 1 _aŠturcelová, Martina
_4trl
942 _2ddc
_cKLDO
_n0
980 _aVydavateľstvo Motýľ, Mariánska 9, 811 08 Bratislava
999 _c22832
_d22832